| 000 | 00629nam a22001937a 4500 | ||
|---|---|---|---|
| 999 |
_c165998 _d165998 |
||
| 005 | 20190709163737.0 | ||
| 010 | _aENG-125870 | ||
| 020 |
_a9789386761279 _c1495.00 |
||
| 035 | _aEN-109402 | ||
| 037 | _bDBAD/PUB | ||
| 082 | _a153 | ||
| 100 | _aSingh, S.N. | ||
| 245 |
_aCognitive psychology / _cby S.N. Singh |
||
| 260 |
_aNew Delhi _bAne Books _c2018 |
||
| 270 |
_a4821, Parwana Bhawan, 1st Floor, 24 Ansari Road, Daryaganj _bNew Delhi _e110002 _k011-23276843-44 _mkapoor@anebooks.com |
||
| 300 |
_avi,288p. _c24cm(Hb) |
||
| 500 | _aIncludes bibliographical references index | ||
| 942 |
_2ddc _cEN _h153 _mSIN |
||